| 000 | 01086nam a2200181 u 4500 | ||
|---|---|---|---|
| 001 | 000792720 | ||
| 003 | AM-YeHGA | ||
| 005 | 20250617144155.0 | ||
| 008 | 110302s1983 ||| r 000 0 rus d | ||
| 040 | _aAM-YeHGA | ||
| 041 | 0 | _arus | |
| 245 | 0 | 0 |
_aПроблемы и пути повышения производительности труда на основе комплексной автоматизации и механизации сокращения ручных работ в свете требований XXVI съезда партии, ноябрьского (1982 г.) и июньского (1983 г.) Пленумов ЦК КПСС : _b(Тезисы докладов на областной научно-практической конференции). |
| 260 |
_aВладимир : _bБ. и., _c1983. |
||
| 300 | _a144 с. | ||
| 550 | _aВладимир. обком КПСС, Владимир. горком КПСС | ||
| 653 | 0 | _aПроизводительность труда в промышленности - Тезисы докладов | |
| 090 | _c290828 | ||
| 999 |
_c289155 _d289155 |
||